Lord of the flies

Αποθηκεύτηκε σε:
Λεπτομέρειες βιβλιογραφικής εγγραφής
Κύριος συγγραφέας: Golding, William (Συγγραφέας)
Μορφή: Βιβλίο
Γλώσσα:Αγγλικά
Έκδοση: Harmondsworth Penguin Books 1960
Θέματα:
Ετικέτες: Προσθήκη ετικέτας
Δεν υπάρχουν, Καταχωρήστε ετικέτα πρώτοι!

MARC

LEADER 00000nam a2200000 a 4500
001 UCQ3915
003 CL-VaPUC
008 980828e19600000uk |||||||||||||||||eng|d
082 0 4 |a 823  |b GOL  |2 21 
100 |a Golding, William  |e author  |9 543609 
245 1 0 |a Lord of the flies 
300 |a 192 p 
942 |c BK 
945 |d 19980828 00:00:00  |a crobeson 
260 |a Harmondsworth  |b Penguin Books  |c 1960 
650 0 |a Novelas inglesas  |9 265220 
650 0 |a Literatura inglesa  |9 312907 
583 |a last modification  |c 20171204 02:42:59  |k Rodrigo Vera 
999 |c 274426  |d 274424 
952 |0 0  |1 0  |4 0  |6 823_000000000000000_GOL_1960  |7 0  |8 A  |9 310586  |a BIBEDU  |b BIBEDU  |d 2019-11-20  |i 1459651  |o 823 GOL 1960  |p 1459651  |r 2019-11-20  |w 2019-11-20  |y BK  |k LIT